Organic chemistry. (Record no. 8292)
[ view plain ]
| 000 -LEADER | |
|---|---|
| fixed length control field | 01126cam8a220030100 4500 |
| 001 - CONTROL NUMBER | |
| control field | zam00002239 |
| 003 - CONTROL NUMBER IDENTIFIER | |
| control field | OSt |
| 005 - DATE AND TIME OF LATEST TRANSACTION | |
| control field | 20200820091009.0 |
| 008 - FIXED-LENGTH DATA ELEMENTS--GENERAL INFORMATION | |
| fixed length control field | 951128s1980 xx eng u |
| 035 ## - SYSTEM CONTROL NUMBER | |
| System control number | (Sirsi) r19618 |
| 035 ## - SYSTEM CONTROL NUMBER | |
| System control number | (MACHINE)SLC. |
| 040 ## - CATALOGING SOURCE | |
| Transcribing agency | CIP |
| 100 ## - MAIN ENTRY--PERSONAL NAME | |
| Personal name | Solomows, T. W. |
| Linkage | A80558.1 |
| 245 10 - TITLE STATEMENT | |
| Title | Organic chemistry. |
| 260 ## - PUBLICATION, DISTRIBUTION, ETC. | |
| Date of publication, distribution, etc. | 1980. |
| 856 ## - ELECTRONIC LOCATION AND ACCESS | |
| Uniform Resource Identifier | <a href="https://www.pdfdrive.com/organic-chemistry-10th-edition-e163230838.html">https://www.pdfdrive.com/organic-chemistry-10th-edition-e163230838.html</a> |
| Link text | Electronic Access |
| Public note | 10th edition |
| 900 ## - EQUIVALENCE OR CROSS-REFERENCE-PERSONAL NAME [LOCAL, CANADA] | |
| Field link and sequence number | QD251.2 |
| Titles and other words associated with a name | 9 |
| 942 ## - ADDED ENTRY ELEMENTS (KOHA) | |
| Source of classification or shelving scheme | Library of Congress Classification |
| Koha item type | Electronic Resource |
| 949 ## - LOCAL PROCESSING INFORMATION (OCLC) | |
| a | QD251.2 |
| w | lcc |
| i | -17634 |
| m | MAIN |
| t | BOOK |
| l | ON-SHELF |
| 949 ## - LOCAL PROCESSING INFORMATION (OCLC) | |
| a | QD251.2 |
| w | lcc |
| i | -17635 |
| m | MAIN |
| t | BOOK |
| l | ON-SHELF |
| 949 ## - LOCAL PROCESSING INFORMATION (OCLC) | |
| a | QD251.2 |
| w | lcc |
| i | -17636 |
| m | MAIN |
| t | BOOK |
| l | ON-SHELF |
| 949 ## - LOCAL PROCESSING INFORMATION (OCLC) | |
| a | QD251.2 |
| w | lcc |
| i | -17637 |
| m | MAIN |
| t | BOOK |
| l | ON-SHELF |
| 949 ## - LOCAL PROCESSING INFORMATION (OCLC) | |
| a | QD251.2 |
| w | lcc |
| i | -17638 |
| m | MAIN |
| t | BOOK |
| l | ON-SHELF |
| 949 ## - LOCAL PROCESSING INFORMATION (OCLC) | |
| a | QD251.2 |
| w | lcc |
| i | -17639 |
| m | MAIN |
| t | BOOK |
| l | ON-SHELF |
| 949 ## - LOCAL PROCESSING INFORMATION (OCLC) | |
| a | QD251.2 |
| w | lcc |
| i | -17640 |
| m | MAIN |
| t | BOOK |
| l | ON-SHELF |
| 949 ## - LOCAL PROCESSING INFORMATION (OCLC) | |
| a | QD251.2 |
| w | lcc |
| i | -17641 |
| m | MAIN |
| t | BOOK |
| l | ON-SHELF |
| 949 ## - LOCAL PROCESSING INFORMATION (OCLC) | |
| a | QD251.2 |
| w | lcc |
| i | -17642 |
| m | MAIN |
| t | BOOK |
| l | ON-SHELF |
| Withdrawn status | Lost status | Source of classification or shelving scheme | Damaged status | Not for loan | Home library | Current library | Shelving location | Total Checkouts | Full call number | Barcode | Date last seen | Copy number | Price effective from | Koha item type |
|---|---|---|---|---|---|---|---|---|---|---|---|---|---|---|
| Library of Congress Classification | Main Library | Main Library | Academic reserves/Short loan | QD251.2 SOL | 33729000772264 | 08/12/2019 | 10 | 08/12/2019 | Short Loan material |